00542nam a2200193Ia 4500003000900000008004100009040001600050080001300066100001800079245006500097260003500162300001500197490002500212650004100237650002100278650001900299650001200318700001800330IN-BaIIA211028s9999 xx 000 0 eng d cIIA Library a533bSAG aSagdeev, R. Z 0aNonlinear plasma theorycR. Z. Sagdeev and Galeev A. A  aNew YorkbW. A. Benjaminc1969 axii, 122p. aFrontiers in physics aAstronomy and astrophysics thesaurus aNonlinear theory aPlasma physics aPlasmas aGaleev, A. A.